|
|
|
|
| LEADER |
00000nab a2200000 a 4500 |
| 001 |
vtls000066246 |
| 003 |
SK-MaSNL |
| 005 |
20260426055928.0 |
| 008 |
111103c1980 xo 0 slo |
| 015 |
|
|
|a SNBRB19rr/mm-uuuuu
|
| 035 |
|
|
|a CL0076346
|
| 040 |
|
|
|a SNKBUCL
|b slo
|c SNKBUCL
|e AACR2
|
| 041 |
0 |
|
|a slo
|
| 044 |
|
|
|a xo
|c SK
|
| 080 |
|
|
|a 374
|2 1981
|
| 100 |
1 |
|
|a Kovačovič, Igor,
|d 1938-
|4 aut
|9 113970
|
| 245 |
1 |
0 |
|a Starostlivosť o výchovu a vzdelávanie vlastných pracovníkov
|b Skúsenosti Krajského osvetového strediska v Banskej Bystrici
|c Igor Kovačovič
|
| 650 |
0 |
7 |
|a osvetoví pracovníci
|2 snkbucl
|9 79906
|
| 650 |
0 |
7 |
|a vzdelávanie
|2 snkbucl
|9 4033
|
| 655 |
|
7 |
|a články z novín a časopisov
|2 snkbucl
|9 267496
|
| 773 |
0 |
|
|t Osvetová práca
|g Roč. 30, č. 15 (1980), s. 28-29
|
| 850 |
|
|
|a Slovenská národná knižnica v Martine
|a MTA001
|
| 852 |
|
|
|a SNK
|b KIS3GCP
|
| 958 |
|
|
|a RK
|
| 992 |
|
|
|a RBX
|
| 999 |
|
|
|c 2201182
|d 2203112
|